000 00688nam a2200229 i 4500
001 bg
245 0 _aGrammaire :
_bcours de Civilisation française de la Sorbonne : corrigés 350 exercices niveau moyen /
_cY. Delatour [et al.].
260 _aVanves :
_bHachette,
_ccop.1987.
300 _a62 s. ;
_c25 cm.
490 1 _aExerçons-nous,
_x1142-768X
650 9 _aJęzyk francuski
_xgramatyka
655 _aPodręczniki
700 1 _aDELATOUR, Y.
830 _aExerçons-nous,
_x1142-768X
020 _a2010173066
040 _cBPK
041 0 _afr
080 _a811.133.1'36(075.3.053.7)
920 _a2-01-017306-6
942 _cKS
008 s pl f |000 0 pol
999 _c38107
_d38107